Byastigata arthabigyan II (Record no. 9101)
[ view plain ]
| 000 -LEADER | |
|---|---|
| fixed length control field | 00477cam a2200205ua 4500 |
| 001 - CONTROL NUMBER | |
| control field | 10111 |
| 005 - DATE AND TIME OF LATEST TRANSACTION | |
| control field | 20260515114553.0 |
| 008 - FIXED-LENGTH DATA ELEMENTS--GENERAL INFORMATION | |
| fixed length control field | 170331n ii |||gr||||Z||||||asm |
| 040 ## - CATALOGING SOURCE | |
| Transcribing agency | MAIN |
| 041 ## - LANGUAGE CODE | |
| Language code of text/sound track or separate title | asm |
| 082 ## - DEWEY DECIMAL CLASSIFICATION NUMBER | |
| Classification number | 338.5 |
| 100 ## - MAIN ENTRY--PERSONAL NAME | |
| Personal name | Ahmed, Rofique, |
| Relator term | Author. |
| 245 ## - TITLE STATEMENT | |
| Title | Byastigata arthabigyan II |
| Statement of responsibility, etc. | By Rofique Ahmed |
| 250 ## - EDITION STATEMENT | |
| Edition statement | 2nd ed. |
| 260 ## - PUBLICATION, DISTRIBUTION, ETC. | |
| Place of publication, distribution, etc. | Jorhat: |
| Name of publisher, distributor, etc. | Unika, |
| Date of publication, distribution, etc. | 2015. |
| 300 ## - PHYSICAL DESCRIPTION | |
| Extent | 334p. |
| 653 ## - INDEX TERM--UNCONTROLLED | |
| Uncontrolled term | Production |
| 653 ## - INDEX TERM--UNCONTROLLED | |
| Uncontrolled term | Microeconomics |
| 942 ## - ADDED ENTRY ELEMENTS (KOHA) | |
| Koha item type | Books |
| Withdrawn status | Lost status | Damaged status | Not for loan | Home library | Current library | Shelving location | Date acquired | Total checkouts | Full call number | Barcode | Date last seen | Date last checked out | Copy number | Price effective from | Koha item type |
|---|---|---|---|---|---|---|---|---|---|---|---|---|---|---|---|
| Naharkatiya College Library | Naharkatiya College Library | General stacks | 09/19/2020 | 5 | 338.5Microeconomics | AHM | 23689 | 07/29/2022 | 07/16/2022 | 3 | 09/19/2020 | Books | ||||
| Naharkatiya College Library | Naharkatiya College Library | General stacks | 09/19/2020 | 6 | 338.5Microeconomics | AHM | 23690 | 10/01/2024 | 09/18/2024 | 2 | 09/19/2020 | Books | ||||
| Naharkatiya College Library | Naharkatiya College Library | General stacks | 09/19/2020 | 8 | 338.5Microeconomics | AHM | 23691 | 06/29/2024 | 06/24/2024 | 1 | 09/19/2020 | Books |